| 000 | 00867nam a2200337Ia 4500 | ||
|---|---|---|---|
| 001 | 8356 | ||
| 005 | 20240113234106.0 | ||
| 007 | ta | ||
| 008 | 050718s1995 a g b000 u 903 u | ||
| 020 | _a81 7041 998-0 | ||
| 040 | _aCotton College Assam | ||
| 041 | _a903 | ||
| 082 |
_a934 _bBa 17 Ad |
||
| 100 | _aBakshi, S R . | ||
| 245 | 0 |
_aAdvanced History of Ancient India Vol 2 / _cS R Bakshi. _hTextual Documents |
|
| 250 | _a1st ed / | ||
| 260 |
_aNew Delhi : _bAnmol Publication Pvt Ltd , _c1995. |
||
| 300 |
_a264p. : _bill. ; _c22cm. . |
||
| 362 | _aVol.I- | ||
| 653 | _aHistory-India | ||
| 653 | _aIndian History | ||
| 653 | _aAncient History | ||
| 653 | _aG-History | ||
| 653 | _aPG-History | ||
| 653 | _aT/G-English | ||
| 942 |
_2ddc _cBK |
||
| 999 |
_c8343 _d8343 |
||